| 000 | 01171cam a22003014a 4500 | ||
|---|---|---|---|
| 999 |
_c19651 _d19651 |
||
| 001 | 13860158 | ||
| 005 | 20170117110524.0 | ||
| 008 | 050203s2006 maua b 001 0 eng | ||
| 010 | _a 2005041576 | ||
| 020 | _a0072972807 (alk. paper) | ||
| 050 | 0 | 0 | _aGV341 .W85 2006 |
| 100 | 1 | _aWuest, Deborah A. | |
| 245 | 1 | 0 |
_aFoundations of physical education, exercise science, and sport / _cDeborah A. Wuest, Charles A. Bucher. |
| 250 | _a15th ed. | ||
| 260 |
_aBoston : _bMcGraw-Hill, _cc2006. |
||
| 300 |
_axv, 583 p. : _bill. ; _c24 cm. |
||
| 504 | _aIncludes bibliographical references and index. | ||
| 650 | 0 | _aPhysical education and training. | |
| 650 | 0 | _aSports. | |
| 650 | 0 |
_aPhysical education and training _xVocational guidance. |
|
| 650 | 0 |
_aSports _xVocational guidance. |
|
| 700 | 1 |
_aBucher, Charles Augustus, _d1912- |
|
| 942 |
_2lcc _cBOOKS _hGV341 .W85 2006 |
||